05402nam a2200685 a 450000100060000000300080000600500170001400800410003102000220007203500190009404000270011304100080014008200470014824502700019524601470046524600920061224600620070424601220076624601450088824600630103324600950109624600650119124601370125624600580139324601250145124601320157624601280170824600560183624600540189224600670194624600570201325000450207026000530211530000260216850400290219450516150222365000190383870000310385770000310388870000360391970000800395570000340403570000270406970000420409670000340413870000370417270000400420970000500424970000530429970000310435270000320438370000470441570000410446270000340450370000360453770000450457370000320461870000320465070000340468257417BD-RjUL20211209080516.0161210m19751940nyu 000 0 eng d a0471393215 (V-21) a(BD-RjUL)57541 aCINcCINbengdBD-RjUL aeng 223a547.84bHIG V-1-5(Pt-1-3)-12 1940-197500aHigh polymers :ba series of Monographs on the Chemistry, Physics and Tecnology of High Polymeric Substances /cEditorial Board: R. E. Burk, H. Mark , G. S. Whitby (V-1) ; H. Mark ...[et al.] [(V-2, 3, 4, 5(Pt-1-3), 6 7, 9, 10, 11, 12(Pt-1-3), 13(Pt-1) 18, 19, 21] aCollected Papers of Wallace Hume Carothers on high polymeric substances: with 35 illustrations / edited by H. Mark, G. Stafford Whitby (v. 1)  aPhysical Chemistry of high polymeric substances / H. Mark and A. V. Tobolsky (v. 2, )  aMechanism of polymer Reactions / by G. M. Burnett (v. 3 ) aNatural and synthetic high polymers : a textbook and reference book for chemists and biologists / Kurt H. Meyer (V-4) aCellulose and Cellulose Derivatives / prepared under the editorship of Emil Ott, Harold M. Spurlin, Mildred W. Graffin (v. 5(Pt-1,2 & 3) )  aMechanical behavior of high polymers / Turner Alfrey (V-6) aPhenoplasts : their Structure, Properties, and Chemical Technology / T.S. Carswell (v. 7 ) aEmulsion Polymerization / F. A. Bovey ... [et..al] ( v. 9 )  aPolymer processes : chemical technology of plastics, resins, rubbers, adhesives and fibers / edited by Calvin E. Schildknecht (v-10) aPolyethylene / R. A. V. Raff and J. B. Allison (v-11) aAnalytical chemistry of polymers : Analysis of monomers and polymeric materials / ed. by Gordon M. Kline [v. 12 (Pt-1)] aAnalytical chemistry of polymers : Analysis of molecular structure and chemical groups. / ed. by Gordon M. Kline [v. 12 (Pt-2)] aAnalytical chemistry of polymers : Identification Procedures and Chemical Analysis / ed. by Gordon M. Kline [v. 12 (Pt-3)] aPolyethers / ed. by Norman G. Gaylord [v-13(Pt-1)]  aCopolymerization / Edited by George E. Ham (V-18) aChemical reactions of polymers / edited by E. M. Fettes (V-19) aMacromolecules in solution / Herbert Morawetz (V-21) a2nd completely revised and Augmented ed. aNew York : bInterscience Publishersc1940-1963. a v. :bill. ;c24 cm. aIncludes bibliographies.0 aVol. 1, Collected Papers of Wallace Hume Carothers on high polymeric substances: with 35 illustrations / edited by H. Mark, G. Stafford Whitby -- v. 2, Physical Chemistry of high polymeric substances / H. Mark and A. V. Tobolsky -- v. 3 Mechanism of polymer Reactions / by G. M. Burnett -- v. 4 Natural and synthetic high polymers : a textbook and reference book for chemists and biologists / Kurt Heinrich Meyer -- v. 5(Pt-1,2 & 3) Cellulose and Cellulose Derivatives / prepared under the editorship of Emil Ott, Harold M. Spurlin, Mildred W. Graffin -- v. 6 Mechanical behavior of high polymers / Turner Alfrey -- v. 7 Phenoplasts : their Structure, Properties, and Chemical Technology / T.S. Carswell -- v. 9 Emulsion Polymerization / F. A. Bovey ... [et..al] v. 10 Polymer processes : chemical technology of plastics, resins, rubbers, adhesives and fibers / edited by Calvin E. Schildknecht -- v. 11 Polyethylene / R. A. V. Raff and J.B. Allison -- v. 12 Analytical chemistry of polymers : Analysis of monomers and polymeric materials / ed. by Gordon M. Kline (Pt-1) -- v. 12 Analytical chemistry of polymers : Analysis of molecular structure and chemical groups. / ed. by Gordon M. Kline (Pt-2) -- v. 12 Analytical chemistry of polymers : (Pt-3): Identification Procedures and Chemical Analysis / ed. by Gordon M. Kline -- v. 13 Polyethers:(Pt-1, Polyalkylene oxides and other polyethers) / ed. by Norman G. Gaylord -- v. 18 Copolymerization / Edited by George E. Ham -- v. 19 Chemical reactions of polymers / edited by E. M. Fettes -- v. 21 Macromolecules in solution / Herbert Morawetz.  0aHigh Polymers. aBurk, R. E. , ed. (V-1)  aMark, H. , jt. ed. (V-1)  aWhitby, G. S. , jt. ed. (V-1)  aMark, H. ...[et al.], ed. [V-2, 3, 4, 5(Pt-1-3) 7, 9, 10, 11, 12, 18, 19] aWhitby, Stafford, ed. (v.1)  aMark, H. , ed. (v. 2) aTobolsky, A. V. , jt. ed. (v. 2)  aBurnett, G. M. , ed. (v. 3)  aMeyer, Kurt Heinrich, ed. (V-4)  aOtt, Emil , ed. v. 5(Pt-1,2 & 3)  aSpurlin, Harold M. jt. ed. v. 5(Pt-1,2 & 3)  aGraffin, Mildred W. , jt. ed. v. 5(Pt-1,2 & 3)  aAlfrey, Turner, ed, (V-6)  aCarswell, T. S. , ed.(v. 7) aBovey, F. A. ... [et..al], ed. (v. 9 )  aSchildknecht, Calvin E. , ed. (V-10) aRaff, R. A. V. , ed. (v-11) aAllison, J. B. , jt. ed. (v-11) aKline, Gordon M. , ed. [v. 12 (Pt-1-3)] aHam, George E. , ed. (V-18) aFettes, E. M. , ed. (V-19) aMorawetz, Herbert, ed. (V-21)